Theory and appliation of / (Record no. 144468)

MARC details
000 -LEADER
fixed length control field 00535nam a22001817a 4500
010 ## - LCCN (DPL NO)
LC control number ENG-120655
020 ## - INTERNATIONAL STANDARD BOOK NUMBER
Terms of availability 650.00
International Standard Book Number 9788171641611
035 ## - SYSTEM CONTROL NUMBER
System control number EN-104187
037 ## - SOURCE OF ACQUISITION
Source of stock number/acquisition DBAD/PUB
082 ## - DEWEY DECIMAL CLASSIFICATION NUMBER
Classification number 631.37
100 ## - MAIN ENTRY--PERSONAL NAME
Personal name Devnani, R.S.
245 ## - TITLE STATEMENT
Title Theory and appliation of /
Statement of responsibility, etc by P.S.Narayana
260 ## - PUBLICATION, DISTRIBUTION, ETC. (IMPRINT)
Place of publication, distribution, etc Hyderabad
Name of publisher, distributor, etc Asia Law House
Date of publication, distribution, etc 2012
270 ## - ADDRESS
Address Opp.I.O.B. Bank Street, Kothi,
City Hyderabad
Postal code 500001
300 ## - PHYSICAL DESCRIPTION
Extent xxxii,440p.
Other physical details 24cm(pbk).
500 ## - GENERAL NOTE
General note Includes index
942 ## - ADDED ENTRY ELEMENTS (KOHA)
Source of classification or shelving scheme Dewey Decimal Classification
Item type English Books
Classification part 345.5402323
Call number suffix NAR

No items available.


© Delhi Public Library
Hit Counter
free hit counter